El hombre en la sociedad: introducción a la sociología y a las ciencias sociales

Guardat en:
Dades bibliogràfiques
Autor principal: Simpson, George (Autor)
Format: Llibre
Idioma:espanyol
Publicat: Buenos Aires Paidós 1961
Col·lecció:Biblioteca del Hombre Contemporáneo, 55
Matèries:
Etiquetes: Afegir etiqueta
Sense etiquetes, Sigues el primer a etiquetar aquest registre!

MARC

LEADER 00000nam a2200000 a 4500
001 UCX0399
003 CL-VaPUC
008 891016e19610000AG |||||||||||||||||spa|d
082 0 4 |a 300  |b SIM  |2 21 
100 0 |a Simpson, George  |e author  |9 315817 
245 1 3 |a El hombre en la sociedad: introducción a la sociología y a las ciencias sociales 
300 |a 183 p 
942 |c BK 
945 |d 19891016 00:00:00 
260 |a Buenos Aires  |b Paidós  |c 1961 
650 0 |a Ciencias sociales   |9 256351 
650 0 |a Sociología   |9 255410 
583 |a last modification  |c 19891016 00:00:00  |k Rodrigo Vera 
490 0 |a Biblioteca del Hombre Contemporáneo, 55 
999 |c 222008  |d 222006 
952 |0 0  |1 0  |4 0  |6 300_000000000000000_SIM_1961  |7 0  |8 A  |9 216161  |a BIBGIM  |b BIBGIM  |d 2019-11-15  |i 2847590  |o 300 SIM 1961  |p 2847590  |r 2025-01-15  |w 2019-11-15  |y BK  |k SSL